Tallest Structures in the World - Statistics

General Stats
  • This quiz has been taken 45 times
  • The average score is 6 of 20
Answer Stats
Height City Structure % Correct
828 m Dubai Burj Khalifa
97%
553 m Toronto CN Tower
69%
541 m New York City One World Trade Center
59%
634 m Tokyo Tokyo Skytree
49%
632 m Shanghai Shanghai Tower
46%
508 m Taipei Taipei 101
46%
555 m Seoul Lotte World Tower
33%
679 m Kuala Lumpur Merdeka 118
33%
599 m Shenzhen Ping An Finance Center
31%
601 m Mecca Abraj Al-Bait
26%
472 m New York City Central Park Tower
21%
462 m Saint Petersburg Lakhta Center
21%
492 m Shanghai Shanghai World Financial Center
15%
484 m Hong Kong International Commerce Centre
13%
528 m Beijing CITIC Tower
8%
530 m Guangzhou Guangzhou CTF Finance Centre
8%
468 m Shanghai Oriental Pearl Tower
8%
540 m Moscow Ostankino Tower
8%
530 m Tianjin Tianjin CTF Finance Centre
8%
597 m Tianjin Goldin Finance 117
3%
No matching quizzes found
Score Distribution
Percent of People with Each Score
Percentile by Number Answered
Your Score History
You have not taken this quiz